লোডিং...

Reflections:First Annual Conference 2015May8,9,10

গ্রন্থ-পঞ্জীর বিবরন
প্রধান লেখক: Ashokan,A (Ed.)
বিন্যাস: Printed Book
ভাষা:English
প্রকাশিত: Ernakulam Kerala Economic Association 2015
বিষয়গুলি:
LEADER 00590nam a22001577a 4500
005 20160820112817.0
008 150512t xxu||||| |||| 00| 0 eng d
082 |a 06.053.5:330.34(548)  |b ASH 
100 |a Ashokan,A  |e Ed.  |9 9875 
245 |a Reflections:First Annual Conference 2015May8,9,10 
260 |a Ernakulam  |b Kerala Economic Association  |c 2015 
300 |a 112p. 
653 |a First annual Conference2015 May8,9,.10 
942 |c BK  |6 _ 
999 |c 177189  |d 177189 
952 |0 0  |1 0  |2 ddc  |4 0  |6 06053533034548_ASH  |7 0  |9 229141  |a DAE  |b DAE  |d 2015-05-12  |o 06.053.5:330.34(548) ASH  |p ECO12978  |r 2016-08-20  |w 2016-08-20  |y BK